000
00279nam a22001217a 4500
008
180221b xxu||||| |||| 00| 0 eng d
041
_a
eng
080
_2
2nd
_a
311
100
_a
55
101
_a
STA
245
_a
Business statistics a first course
_c
Sharpe,N.R
942
_2
udc
_c
BK
999
_c
43058
_d
43058